Teaching Styles (Record no. 10876)

MARC details
000 -LEADER
fixed length control field 00472cam a2200181ua 4500
001 - CONTROL NUMBER
control field 12118
005 - DATE AND TIME OF LATEST TRANSACTION
control field 20260515114836.0
008 - FIXED-LENGTH DATA ELEMENTS--GENERAL INFORMATION
fixed length control field 200220n ii |||gr||||Z||||||eng
020 ## - INTERNATIONAL STANDARD BOOK NUMBER
International Standard Book Number 8131301834
040 ## - CATALOGING SOURCE
Transcribing agency MAIN
082 ## - DEWEY DECIMAL CLASSIFICATION NUMBER
Classification number 371.3
100 ## - MAIN ENTRY--PERSONAL NAME
Personal name R C Mishra,
Relator term Author.
245 ## - TITLE STATEMENT
Title Teaching Styles
Statement of responsibility, etc. By R C Mishra
260 ## - PUBLICATION, DISTRIBUTION, ETC.
Place of publication, distribution, etc. New Delhi:
Name of publisher, distributor, etc. APH publishing corporation,
Date of publication, distribution, etc. 2016.
300 ## - PHYSICAL DESCRIPTION
Extent 242p.
653 ## - INDEX TERM--UNCONTROLLED
Uncontrolled term Schools & their activities special education
942 ## - ADDED ENTRY ELEMENTS (KOHA)
Koha item type Books
Holdings
Withdrawn status Lost status Damaged status Not for loan Home library Current library Shelving location Date acquired Total checkouts Full call number Barcode Date last seen Copy number Price effective from Koha item type
        Naharkatiya College Library Naharkatiya College Library General stacks 09/19/2020   371.3 | MIS 24985 09/19/2020 1 09/19/2020 Books